000
00164nam a22000857a 4500
999
_c
65105
_d
65102
082
_a
297.922
100
_a
Abdul hameed
245
_a
The life of Muhammad
942
_c
BK